Kierowcy rekordziści F1 - Statystyki

Ogólne statystyki
  • Ten quiz został rozwiązany 152 razy
  • Średni wynik to 9 z 16
Statystyki odpowiedzi
Rekord Podpowiedź Kierowca % Poprawnych
Liczba tytułów mistrza świata 7 Lewis Hamilton
99%
Liczba zwycięstw 103 Lewis Hamilton
99%
Liczba pole-position 103 Lewis Hamilton
99%
Liczba zdobytych punktów 4405,5 (2023) Lewis Hamilton
99%
Liczba tytułów mistrza świata 7 Michael Schumacher
97%
Liczba zwycięstw w 1 sezonie 15 Max Verstappen
92%
Najmłodszy zdobywca tytułu 23 lata, 134 dni Sebastian Vettel
82%
Liczba startów w GP 336 Kimi Räikkönen
65%
Liczba najszybszych okrążeń w pojedynczym sezonie 10 Kimi Räikkönen
65%
Procentowa liczba zwycięstw 46,15% Juan Manuel Fangio
45%
Liczba najszybszych okrążeń w pojedynczym sezonie 10 Mika Häkkinen
19%
Procentowa liczba pozycji na podium 100% Dorino Serafini
2%
Procentowa liczba wyścigów zakończonych na punktowanych miejscach 100% Dorino Serafini
2%
Procentowa liczba wyścigów zakończonych na punktowanych miejscach 100% Eric Thompson
0%
Procentowa liczba najszybszych okrążeń 100% Masahiro Hasemi
0%
Procentowa liczba wyścigów zakończonych na punktowanych miejscach 100% Oscar Alfredo Gálvez
0%
Nie znaleziono quizów pasujących do podanych kryteriów
Rozkład punktacji
Procent ludzi z każdym wynikiem
Percentyl według liczby udzielonych odpowiedzi
Twoja historia wyników
Nie rozwiązałeś tego quizu